Nazioni che hanno vinto gli Europei - Statistics

Statistiche generali
  • Questo quiz è stato fatto 118 volte
  • Il punteggio medio è 7 su 10
Statistiche sulle risposte
n. di titoli Nazione % Corretto
2 Italia
100%
3 Spagna
99%
2 Francia
96%
3 Germania
94%
1 Portogallo
84%
1 Grecia
68%
1 Paesi Bassi
60%
1 Danimarca
58%
1 Russia
55%
1 Repubblica Ceca
25%
Nessun quiz corrispondente trovato
Distribuzione punteggi
Percentuale di utenti per punteggio
Percentile per numero di risposta
I tuoi punteggi nel tempo
Non hai fatto questo quiz